000
00340 a2200157 4500
001
56519
020
_a
9788536802916
040
_c
Anchieta - Pituba
100
_a
Maia Jr, Raul
240
1
0
_a
Arquitetura aventura
_l
por
245
1
0
_a
Arquitetura aventura
300
_a
72
362
0
_a
2007
650
4
_a
Literatura juvenil
942
_c
BK
999
_c
56519
_d
56519